000 00434nam a2200193Ia 4500
008 210210b xxu||||| |||| 00| 0 eng d
041 _aeng
082 _a822/1052
100 _aRUSKLN (J)
245 _aSeasame and lilies: Rouse Ed
260 _aLondon
_bBlackie and Son Limited
_c
650 _aSeasame
650 _aRouse
650 _alilies:
650 _aEd
650 _aand
690 _aEnglish Prose
906 _a013235
999 _c132093
_d132093